[Event "Utasellato IM-A"]
[Site "Budapest"]
[Date "1990.??.??"]
[Round "5"]
[White "Sinkovics, Peter"]
[Black "Farago, Sandor"]
[Result "1-0"]
[WhiteElo "2360"]
[BlackElo "2245"]

1.d4 Nf6 2.Nf3 g6 3.c4 Bg7 4.Nc3 O-O 5.e4 d6 6.Be2 e5 7.O-O Nc6 8.d5 Ne7
9.Nd2 Nd7 10.b4 f5 11.c5 Nf6 12.f3 Kh8 13.Nc4 f4 14.Ba3 Ne8 15.b5 b6 16.cxd6 cxd6
17.Bb4 a5 18.bxa6 Bxa6 19.a4 Nc8 20.Qb3 Rf7 21.Qa3 Rc7 22.Qb3 Rb7 23.Rfb1 Bf6
24.Qd1 Qd7 25.Qf1 Nc7 26.Kh1 Bd8 27.Ba3 Bxc4 28.Bxc4 Rba7 29.Bb4 g5 30.Qd1 h5
31.Nb5 Nxb5 32.Bxb5 Qg7 33.Bc6 Rb8 34.h3 Re7 35.Rc1 Qh6 36.Bb5 Na7 37.Be2 Rg7
38.Rc3 Rc8 39.Rac1 Rxc3 40.Rxc3 Kh7 41.Kg1 Qf6 42.Qc1 Qe7 43.Qa3 Bc7 44.Rxc7 Qxc7
45.Bxd6 Qc2 46.Bf1 g4 47.Bxe5 g3 48.Qd3 Qxd3 49.Bxd3 Rf7 50.Kf1 Kh6 51.Bd4 Nc8
52.e5 Rd7 53.Be4 Kg5 54.h4+ Kh6 55.Ke2 Rd8 56.d6 Nxd6 57.exd6 Rxd6 58.Be5 Rd7
59.Bxf4+ Kg7 60.Bxg3 Ra7 61.Bc6 Kf6 62.Bf2 Rc7 63.Bd4+ Ke6 64.Bb5 Rc2+ 65.Kf1 Rd2
66.Bxb6 Kf5 67.Bc7 Rb2 68.Bd3+ Kf6 69.a5 Rd2 70.Be2  1-0

[Event "Spring op"]
[Site "Budapest"]
[Date "1990.??.??"]
[Round "6"]
[White "Petronic, Jovan"]
[Black "Nazarov, Anvar"]
[Result "1-0"]
[WhiteElo "2320"]
[BlackElo "2255"]

1.Nf3 Nf6 2.c4 g6 3.Nc3 Bg7 4.e4 d6 5.d4 O-O 6.Be2 e5 7.O-O Nc6 8.d5 Ne7
9.Ne1 Nd7 10.f3 f5 11.g4 Nf6 12.Nd3 c6 13.Be3 Kh8 14.Kg2 Neg8 15.h3 f4 16.Bf2 h5
17.g5 Nh7 18.h4 Nxg5 19.hxg5 Qxg5+ 20.Kh2 Rf7 21.Rg1 Qh6 22.Kg2 g5 23.c5 Bf8
24.cxd6 Bxd6 25.Rh1 Rh7 26.dxc6 bxc6 27.Bc5 Bxc5 28.Nxc5 h4 29.Nd3 h3+ 30.Kh2 g4
31.fxg4 f3 32.Bxf3 Ba6 33.Qc1 Qh4 34.Qe1 Qg5 35.Rd1 Rd8 36.Be2 Nf6 37.Qg3 Bxd3
38.Rxd3 Rxd3 39.Bxd3 Rb7 40.b3 Rf7 41.Rf1 Qh4  1-0

[Event "Budapest Herbstlich"]
[Site "Budapest"]
[Date "1990.??.??"]
[Round "7"]
[White "Blees, Albert"]
[Black "Moskalenko, Viktor"]
[Result "1-0"]
[WhiteElo "2400"]
[BlackElo "2515"]

1.c4 Nf6 2.Nc3 g6 3.e4 d6 4.d4 Bg7 5.Nf3 O-O 6.Be2 e5 7.O-O Nc6 8.d5 Ne7
9.Nd2 a5 10.a3 c6 11.Rb1 Qc7 12.dxc6 bxc6 13.b4 axb4 14.axb4 d5 15.b5 Rb8
16.Ba3 d4 17.Na4 Bh6 18.Bd3 Nh5 19.b6 Qd8 20.Nb3 f5 21.Nbc5 fxe4 22.Nxe4 Bf5
23.Bd6 Bxe4 24.Bxb8 Bxd3 25.Bc7 Qc8 26.Qxd3 Nf4 27.Qe4 Qg4 28.Kh1 Qh5 29.b7  1-0

[Event "Budapest"]
[Site "Budapest"]
[Date "1990.??.??"]
[Round "8"]
[White "Petran, Pal"]
[Black "Loginov, Valery A"]
[Result "1/2-1/2"]
[WhiteElo "2430"]
[BlackElo "2505"]

1.d4 Nf6 2.c4 g6 3.Nc3 Bg7 4.e4 d6 5.Be2 O-O 6.Nf3 e5 7.O-O Nc6 8.d5 Ne7
9.Nd2 a5 10.a3 Nd7 11.Rb1 f5 12.b4 Kh8 13.Na4 Nf6 14.f3 Bh6 15.bxa5 Rxa5
16.Nc3 c5 17.Nb3 Bxc1 18.Qxc1 Ra6 19.f4 Nd7 20.Nb5 fxe4 21.fxe5 Nxe5 22.Qc3 Rxf1+
23.Rxf1 Kg8 24.Kh1 b6 25.Nd2 Bf5 26.g4 Bxg4 27.Bxg4 Nxg4 28.Qg3 h5 29.Nxe4 Nf5
30.Qf4 Qe7 31.Nexd6 Nxd6 32.Nxd6 Rxa3 33.Nc8 Qg7 34.d6 Ra1 35.Ne7+ Kh7 36.Nd5 Rxf1+
37.Qxf1 Qe5 38.Qf7+ Kh6 39.Qf8+ Kg5 40.Qe7+ Kh6 41.Qxe5 Nxe5 42.Nxb6 Kg7
43.d7 Nc6 44.Na4 Kf7 45.Nxc5 Ke7 46.Kg2 Ne5 47.Kg3 Nxc4 48.Kf4 Nb6 49.Kg5 Nxd7
50.Nxd7 Kxd7 51.Kxg6 h4  1/2-1/2

[Event "Spring op"]
[Site "Budapest"]
[Date "1990.??.??"]
[Round "8"]
[White "Foldi, Istvan"]
[Black "Winterstein, Wolfgang"]
[Result "1-0"]
[WhiteElo "2350"]
[BlackElo "2275"]

1.d4 Nf6 2.c4 g6 3.Nc3 Bg7 4.e4 d6 5.Be2 O-O 6.Nf3 e5 7.O-O Nc6 8.d5 Ne7
9.Ne1 Nd7 10.Be3 f5 11.f3 f4 12.Bf2 g5 13.Nb5 b6 14.b4 h5 15.a4 a6 16.Nc3 a5
17.c5 axb4 18.cxd6 bxc3 19.dxc7 Qe8 20.d6 Ba6 21.dxe7 Qxe7 22.Bxa6 Rxa6 23.Qb3+ Kh7
24.Nd3 Ra7 25.Nb4 Nc5 26.Qxc3 Qxc7 27.Nd5 Qf7 28.a5 Ne6 29.axb6 Rb7 30.Kh1 Nd4
31.Bxd4 exd4 32.Qd3 Be5 33.Rac1 Qe6 34.Qb5 g4 35.Nc7 Qe7 36.Qc6 Rbb8 37.Nd5 Qe8  1-0

[Event "Spring op"]
[Site "Budapest"]
[Date "1990.??.??"]
[Round "9"]
[White "Unrath, Heiko"]
[Black "Walker, Mark"]
[Result "1-0"]
[WhiteElo "2355"]
[BlackElo "2265"]

1.d4 Nf6 2.Nf3 g6 3.c4 Bg7 4.Nc3 O-O 5.e4 d6 6.Be2 e5 7.O-O Nc6 8.d5 Ne7
9.Ne1 Nd7 10.f3 f5 11.g4 Nf6 12.Nd3 c5 13.Kg2 a6 14.b4 b6 15.Rb1 Qd7 16.Nf2 h6
17.Bd2 fxg4 18.fxg4 cxb4 19.Rxb4 Qc7 20.Be3 Rb8 21.Qd2 Nd7 22.Rfb1 Nc5 23.Na4 Rxf2+
24.Bxf2 Nxe4 25.Qd3 Nxf2 26.Kxf2 b5 27.Kg2 Bb7 28.Nc3 e4 29.Nxe4 bxc4 30.Qxc4 Qd7
31.Bf3 Kh7 32.Ng3 Bf6 33.Qd3 Kg7 34.a3 a5 35.R4b3 Qc7 36.Ne2 a4 37.Nf4 Kf7
38.Ne6 Nxd5 39.Nxc7 Nf4+ 40.Kf1  1-0

[Event "Budapest"]
[Site "Budapest"]
[Date "1990.??.??"]
[Round "12"]
[White "Lutz, Christopher"]
[Black "Loginov, Valery A"]
[Result "1-0"]
[WhiteElo "2420"]
[BlackElo "2505"]

1.d4 Nf6 2.c4 g6 3.Nc3 Bg7 4.e4 d6 5.Nf3 O-O 6.Be2 e5 7.O-O Nc6 8.d5 Ne7
9.Ne1 Nd7 10.Nd3 f5 11.Bd2 Kh8 12.b4 Nf6 13.f3 f4 14.g4 g5 15.Kg2 h5 16.h3 Ng6
17.Be1 Rf7 18.c5 Bf8 19.Qb3 Rh7 20.Bf2 Be7 21.c6 bxc6 22.dxc6 Qe8 23.b5 Bf8
24.Nb4 hxg4 25.hxg4 Nxg4 26.fxg4 f3+ 27.Kxf3 Bxg4+ 28.Ke3 Rh3+ 29.Kd2 Bxe2
30.Kxe2 Nf4+ 31.Kd2 Qh5 32.Nbd5 Bh6 33.Nxf4 g4 34.Kc2 Bxf4 35.Qe6 Rf8 36.Bxa7 Rh2+
37.Kb3 Qh3 38.Rxf4 Rxf4 39.Qc8+ Kg7 40.Qxc7+ Rf7 41.Qxd6 Rxa7 42.Qxe5+ Kh7
43.c7 g3 44.Qe7+ Kh6 45.Rd1 Qc8 46.Rd6+ Kh5 47.Qe5+ Kg4 48.Rg6+  1-0

[Event "Buenos Aires"]
[Site "Buenos Aires"]
[Date "1990.??.??"]
[Round "1"]
[White "Ricardi, Pablo"]
[Black "Milos, Gilberto"]
[Result "0-1"]
[WhiteElo "2380"]
[BlackElo "2530"]

1.c4 Nf6 2.Nc3 g6 3.Nf3 Bg7 4.e4 d6 5.d4 O-O 6.Be2 e5 7.O-O Nc6 8.d5 Ne7
9.Nd2 a5 10.f4 exf4 11.Rxf4 Nd7 12.Nf3 Nc5 13.Be3 Bh6 14.Qd2 Bxf4 15.Bxf4 f6
16.Bh6 Rf7 17.Rf1 Bd7 18.Qd4 Qe8 19.h3 Nc8 20.b3 Na7 21.Rf2 b6 22.Bd1 b5
23.Bc2 Qe7 24.Bc1 Rb8 25.Nd1 bxc4 26.bxc4 Nc8 27.Ne3 Nb6 28.Bb2 Re8 29.Re2 Bc8
30.Bc3 a4 31.Bb4 Qf8 32.Bc3 Nbd7 33.Ng5 Rfe7 34.Ng4 Ne5 35.Nxe5 fxe5 36.Qe3 Ba6
37.Rf2 Qh6 38.Bd2 Rf8 39.Rxf8+ Qxf8 40.Qc3 c6 41.Be3 cxd5 42.exd5 Qc8 43.Bd1 Qc7
44.Be2 Re8 45.Kh2 Rb8 46.Bxc5 Qxc5 47.Ne6 Qb4 48.Qe3 Qb2 49.Nc7 Qb7 50.Ne6 Qf7
51.Qa3 Qd7 52.Qc3 Qe7 53.Qa3 Bc8 54.Bg4 Bd7 55.c5 dxc5 56.Qc3 Qd6 57.Nxc5 e4+
58.Qg3 Qxg3+ 59.Kxg3 Bf5 60.Kf4 Rb2 61.Nxa4  0-1

[Event "Buenos Aires"]
[Site "Buenos Aires"]
[Date "1990.??.??"]
[Round "1"]
[White "Morovic Fernandez, Ivan"]
[Black "Fiorito, Fabian"]
[Result "1-0"]
[WhiteElo "2535"]
[BlackElo "2350"]

1.Nf3 Nf6 2.c4 g6 3.Nc3 Bg7 4.e4 d6 5.d4 O-O 6.Be2 e5 7.O-O Nc6 8.d5 Ne7
9.Nd2 a5 10.a3 Nd7 11.Rb1 f5 12.b4 Kh8 13.f3 b6 14.Qc2 f4 15.Nb3 axb4 16.axb4 Nf6
17.c5 g5 18.Nb5 g4 19.cxd6 cxd6 20.Qc7 gxf3 21.gxf3 Qe8 22.Kh1 Nh5 23.Rf2 Bh3
24.Bd2 Bf6 25.Nxd6 Qg6 26.Rg1 Ng3+ 27.hxg3 fxg3 28.Rh2 Rg8 29.Rxh3 g2+ 30.Kh2 Ra2
31.Qc3 Nxd5 32.exd5 e4 33.Qe3 Rxd2 34.Nxd2 Be5+ 35.f4 Bxd6 36.Nxe4 Re8 37.Qd4+  1-0

[Event "Buenos Aires op"]
[Site "Buenos Aires"]
[Date "1990.??.??"]
[Round "3"]
[White "Glavina, Pablo"]
[Black "Del Rey, Diego"]
[Result "0-1"]
[WhiteElo "2390"]
[BlackElo "2260"]

1.d4 Nf6 2.c4 g6 3.Nc3 Bg7 4.e4 d6 5.Nf3 O-O 6.Be2 e5 7.O-O Nc6 8.d5 Nb8
9.b4 a5 10.bxa5 Na6 11.Ba3 Nd7 12.Nd2 f5 13.Nb3 Nac5 14.Qc2 Qh4 15.Nb5 Qd8
16.f3 Bh6 17.Bd3 Be3+ 18.Kh1 f4 19.Nc3 g5 20.Nd1 Bd4 21.Nxd4 exd4 22.Bb2 Qf6
23.Qd2 Na4 24.Ba3 Ne5 25.Nf2 h5 26.Bc2 Nc5 27.Qxd4 b5 28.Bb4 g4 29.fxg4 hxg4
30.Be1 Qh6 31.Rd1 Rf7 32.Nd3 Rh7 33.Qg1 Ncxd3 34.Rxd3 Nxd3 35.Bxd3 g3 36.e5 Qxh2+
37.Qxh2 Rxh2+ 38.Kg1 dxe5 39.Bc3 Rh5 40.Re1 Bg4 41.a6 f3  0-1

[Event "Buenos Aires"]
[Site "Buenos Aires"]
[Date "1990.??.??"]
[Round "8"]
[White "Adla, Diego"]
[Black "Fiorito, Fabian"]
[Result "1-0"]
[WhiteElo "2335"]
[BlackElo "2350"]

1.d4 Nf6 2.c4 g6 3.Nc3 Bg7 4.e4 d6 5.Be2 O-O 6.Nf3 e5 7.O-O Nc6 8.Be3 Ng4
9.Bg5 f6 10.Bc1 f5 11.Bg5 Bf6 12.Bxf6 Nxf6 13.d5 fxe4 14.dxc6 exf3 15.cxb7 Bxb7
16.Bxf3 c6 17.Qe2 Qe7 18.Rad1 Rad8 19.Qe3 Ba8 20.Rfe1 Rfe8 21.Na4 Kg7 22.b4 d5
23.Nc5 a5 24.a3 axb4 25.axb4 Kg8 26.Qc3 Rb8 27.Nd3 d4 28.Qd2 Qd6 29.c5 Qc7
30.Qg5 Nd7 31.Ra1 Bb7 32.Ra7 Ra8 33.Rxa8 Bxa8 34.h4 Bb7 35.h5 Kf7 36.Qh6 Nf6
37.Bd1 e4 38.Bb3+ Re6 39.hxg6+ hxg6 40.Nf4 Bc8 41.Qxg6+  1-0

[Event "Buenos Aires op"]
[Site "Buenos Aires"]
[Date "1990.??.??"]
[Round "9"]
[White "Ricardi, Pablo"]
[Black "Schwanek, Carlos"]
[Result "1-0"]
[WhiteElo "2380"]
[BlackElo "2330"]

1.d4 Nf6 2.c4 g6 3.Nc3 Bg7 4.e4 d6 5.Be2 O-O 6.Nf3 e5 7.O-O Nc6 8.d5 Ne7
9.b4 Nh5 10.g3 f5 11.c5 Nf6 12.Nd2 g5 13.exf5 Nxf5 14.Nde4 h6 15.cxd6 cxd6
16.Nxf6+ Bxf6 17.Ne4 Nd4 18.Bg4 Bg7 19.Be3 Qe7 20.Rc1 Bxg4 21.Qxg4 Qf7 22.Bxd4 exd4
23.Qe6 Qxe6 24.dxe6 Rae8 25.Nxd6 Rxe6 26.Nxb7 Rb6 27.Nc5 Rxb4 28.Nd3 Ra4
29.Rc2 Ra3 30.Rd1 Rf3 31.Rcd2 Rf5 32.Kf1 Rfa5 33.Nc1 g4 34.Nb3 R5a4 35.Nc5 Ra5
36.Nb3 Ra6 37.Nc1 h5 38.Rc2 R6a5 39.Rc8+ Kh7 40.Rc7 Rc3 41.Rd7 Rc2 42.Re1 Kg6
43.Nd3 Bf6 44.Nf4+ Kf5 45.Nxh5 Raxa2 46.Rd5+ Kg6 47.Nf4+ Kh6 48.Re6 Rxf2+
49.Kg1 Rxh2 50.Rxf6+ Kg7 51.Rg6+ Kf7 52.Rd7+ Kf8 53.Re6  1-0

[Event "Buenos Aires op"]
[Site "Buenos Aires"]
[Date "1990.??.??"]
[Round "10"]
[White "Casafus, Ruben"]
[Black "Cid, Marino Alejandro"]
[Result "0-1"]
[WhiteElo "2375"]
[BlackElo "2315"]

1.d4 Nf6 2.c4 g6 3.Nc3 Bg7 4.Nf3 O-O 5.e4 d6 6.Be2 e5 7.O-O Nc6 8.Be3 h6
9.d5 Ne7 10.Ne1 Nd7 11.f3 f5 12.g4 Kh8 13.b4 Ng8 14.Ng2 h5 15.gxf5 gxf5 16.exf5 Nh6
17.Ne4 Nxf5 18.Bg5 Qe8 19.Rc1 a5 20.a3 axb4 21.axb4 Nf6 22.Kh1 Nd4 23.Nh4 Nf5
24.Qd2 Nh7 25.Nxf5 Bxf5 26.Be3 Ra3 27.Rg1 Rg8 28.Bh6 Bxh6 29.Qxh6 Rg6 30.Qd2 Bxe4
31.fxe4 Nf6 32.Bd3 Ng4 33.Rcf1 Qa4 34.Rg2 Qb3 35.Rxg4 hxg4 36.Qf2 Ra8 37.Qh4+ Kg8
38.Be2 g3 39.Bg4 g2+ 40.Kxg2 Qc2+ 41.Kh3 Ra3+ 42.Rf3 Rxf3+ 43.Bxf3 Qc1 44.Qd8+ Kh7
45.Qd7+ Kh6 46.Qf5 Qf4 47.Qxf4+ exf4 48.Bg4 Kg5 49.Bc8 b6 50.Kg2 Kf6+ 51.Kf2 Ke5
52.Bf5 Rg8 53.h3 Ra8 54.Kf3 Ra4 55.b5 Rxc4 56.h4 Rb4 57.h5 Rxb5 58.h6 Rb3+
59.Kg4 Rg3+  0-1

[Event "Buenos Aires"]
[Site "Buenos Aires"]
[Date "1990.??.??"]
[Round "10"]
[White "Milos, Gilberto"]
[Black "Fiorito, Fabian"]
[Result "1/2-1/2"]
[WhiteElo "2530"]
[BlackElo "2350"]

1.Nf3 Nf6 2.c4 g6 3.Nc3 Bg7 4.e4 d6 5.d4 O-O 6.Be2 e5 7.O-O Nc6 8.d5 Ne7
9.Ne1 Nd7 10.Nd3 f5 11.Bd2 Kh8 12.b4 Nf6 13.f3 Neg8 14.Rc1 Bh6 15.Bxh6 Nxh6
16.Qd2 f4 17.g4 Nfxg4 18.fxg4 Nxg4 19.Bxg4 Bxg4 20.c5 g5 21.Nb5 Bh3 22.Rf2 Qd7
23.cxd6 cxd6 24.Qb2 Rac8 25.Nc3 g4 26.Ne2 Rxc1+ 27.Nexc1 Qg7 28.Ne2 h5 29.Ndxf4 exf4
30.Qxg7+ Kxg7 31.Nxf4 Rc8 32.Nxh3 gxh3 33.Rf3 Rc1+ 34.Kf2 Rc2+ 35.Kg3 Re2
36.Kf4 Rxh2 37.Kf5 Kf7 38.e5 Rd2 39.exd6 Ke8 40.Ke6 Re2+ 41.Kf6 h2 42.Rh3 Kd7
43.Rxh5 Kxd6 44.a4 a6 45.a5 Rf2+ 46.Kg6 Rb2 47.Kf7 Kd7 48.Kf6 Kd6 49.Kf7 Rxb4
50.Rxh2 Rb5 51.Ke8 Rxd5 52.Ra2 Kc6 53.Ra1 Rd4 54.Ke7 Kb5 55.Ke6 Ra4 56.Rb1+ Rb4
57.Ra1 Ra4 58.Rb1+ Rb4 59.Ra1 Rd4 60.Ke5 Ra4 61.Rb1+ Rb4 62.Ra1 Ra4 63.Rb1+ Kc4
64.Rxb7 Rxa5+ 65.Ke4 Rc5 66.Rb1 Rh5 67.Rc1+ Kb3 68.Rc8 a5 69.Rb8+ Kc3 70.Rc8+ Kd2
71.Rd8+ Ke2 72.Kd4 Kd2 73.Kc4+ Kc2 74.Ra8 Kb2 75.Rb8+ Ka2 76.Rb5 Rh4+ 77.Kc3 a4
78.Kc2  1/2-1/2

[Event "Cannes op2"]
[Site "Cannes"]
[Date "1990.??.??"]
[Round "?"]
[White "Cebalo, Miso"]
[Black "Djuric, Stefan"]
[Result "1-0"]
[WhiteElo "2525"]
[BlackElo "2495"]

1.d4 Nf6 2.Nf3 g6 3.c4 Bg7 4.Nc3 O-O 5.e4 d6 6.Be2 e5 7.O-O Nc6 8.Be3 Bg4
9.d5 Ne7 10.c5 Ne8 11.Rc1 Bxf3 12.Bxf3 f5 13.cxd6 Nxd6 14.Qb3 Nec8 15.Rc2 Qh4
16.Bc5 a6 17.exf5 gxf5 18.g3 Qf6 19.Bg2 Qg6 20.f4 b6 21.Be3 b5 22.Ne2 Nc4
23.fxe5 Bxe5 24.d6 Nxd6 25.Bxa8 Rxa8 26.Bf4 Re8 27.Bxe5 Rxe5 28.Nf4 Qe8 29.Qd3 Qb8
30.Ng2 Qb6+ 31.Kh1 Qb7 32.Re2 Ne4 33.Qd8+ Kg7 34.Qd7+ Kh6 35.Rxf5 Nb6 36.Qf7 Rxf5
37.Qxf5  1-0

[Event "Cannes op"]
[Site "Cannes"]
[Date "1990.??.??"]
[Round "1"]
[White "De Boer, Gert Jan"]
[Black "Debard, Michel"]
[Result "1-0"]
[WhiteElo "2375"]
[BlackElo "2140"]

1.d4 Nf6 2.Nf3 g6 3.c4 Bg7 4.Nc3 O-O 5.e4 d6 6.Be2 e5 7.O-O Nc6 8.d5 Ne7
9.Nd2 c5 10.Rb1 Ne8 11.b4 b6 12.bxc5 bxc5 13.Nb3 f5 14.Bg5 Bf6 15.Bd2 fxe4
16.Nxe4 Nf5 17.Bd3 Qd7 18.Bc3 Bd8 19.Qd2 Qe7 20.f4 Bb6 21.fxe5 dxe5 22.Rbe1 Bb7
23.Nf2 Nd4 24.Nxd4 cxd4 25.Bb4 Bc5 26.Bxc5 Qxc5 27.Rxe5 Nd6 28.Ne4 Nxe4 29.Rxe4 Ba6
30.Rc1 Rae8 31.Qe2 Rxe4 32.Qxe4 Bc8 33.Rd1 Bf5 34.Qe2 Bd7 35.Kh1 Re8 36.Qf2 Re3
37.Bf1 Bf5 38.h3 a5 39.Kg1 h5 40.Qf4 Re4 41.Qb8+ Kg7 42.Bd3 Re7 43.Bxf5 gxf5
44.Qf4 d3+ 45.Kh2 Kg6 46.Rxd3 Re4 47.Rg3+ Kf6 48.Qg5+ Ke5 49.Qg7+  1-0

[Event "Cannes op"]
[Site "Cannes"]
[Date "1990.??.??"]
[Round "1"]
[White "Pira, Davoud"]
[Black "Girault, Eric"]
[Result "1-0"]
[WhiteElo "2345"]
[BlackElo "2080"]

1.Nf3 Nf6 2.d4 g6 3.c4 Bg7 4.Nc3 d6 5.e4 O-O 6.Be2 e5 7.O-O Nc6 8.d5 Ne7
9.Nd2 c5 10.a3 Ne8 11.b4 b6 12.Rb1 f5 13.bxc5 bxc5 14.Nb3 Nf6 15.Bg5 h6 16.Bxf6 Rxf6
17.Nd2 Kh8 18.Rb3 Rf7 19.Qc2 Ng8 20.Rfb1 Nf6 21.Rb8 Rxb8 22.Rxb8 Qc7 23.Qb1 Nd7
24.Rb2 Nf6 25.Bd1 Bf8 26.Ba4 Qa5 27.Qc2 fxe4 28.Rb5 Qd8 29.Ncxe4 Bf5 30.Qb1 a6
31.Rb8 Qa5 32.Bc2 Kg7 33.Nxf6 Qxd2 34.Ne8+ Kg8 35.Bxf5 Rxf5 36.f3 Rg5 37.Qf1 Qd4+
38.Kh1 Qf4 39.Nc7 Rf5 40.Ne6 Qd2 41.Qb1 e4 42.fxe4 Rf2 43.e5 Qc2 44.Qg1 dxe5
45.d6 Qe2 46.d7  1-0

[Event "Cannes op"]
[Site "Cannes"]
[Date "1990.??.??"]
[Round "1"]
[White "Eperjesi, Laszlo"]
[Black "Bancel, Gerard"]
[Result "1-0"]
[WhiteElo "2365"]
[BlackElo "2120"]

1.d4 Nc6 2.Nf3 d6 3.c4 Nf6 4.Nc3 g6 5.e4 Bg7 6.Be2 O-O 7.O-O e5 8.d5 Ne7
9.Nd2 c5 10.a3 Ne8 11.b4 b6 12.Rb1 f5 13.f3 Nf6 14.Nb3 Nh5 15.bxc5 bxc5 16.g3 Kh8
17.Bd2 Ng8 18.Qc1 Rb8 19.Nb5 Rb7 20.Na5 Rbf7 21.Nc6 Qd7 22.exf5 a6 23.Nc3 gxf5
24.f4 Ngf6 25.fxe5 dxe5 26.Nxe5 Qe7 27.Nxf7+ Qxf7 28.Bf3 Qg6 29.Ne2 Re8 30.Nf4 Nxf4
31.Bxf4 Ne4 32.Rb8 Bd4+ 33.Kg2 Nc3 34.Re1 Ne4 35.Qd1 Rf8 36.Qe2 Bc3 37.Reb1 Ba5
38.d6 Qe6 39.Rd1 Re8 40.Qd3 Nf6 41.Qc2 Nd7 42.Qb2+  1-0

[Event "Cannes op"]
[Site "Cannes"]
[Date "1990.??.??"]
[Round "2"]
[White "Kiss, Pal"]
[Black "Troffiguer, Olivier"]
[Result "1-0"]
[WhiteElo "2300"]
[BlackElo "2100"]

1.d4 Nf6 2.c4 g6 3.Nc3 Bg7 4.e4 d6 5.Nf3 O-O 6.Be2 e5 7.O-O Nc6 8.d5 Ne7
9.Ne1 Nd7 10.f3 f5 11.g4 Kh8 12.Kh1 a5 13.Nd3 Ng8 14.Rg1 f4 15.Bd2 Bf6 16.Nb5 Rf7
17.Qc2 b6 18.b4 axb4 19.Nxb4 Bb7 20.a4 Nc5 21.a5 bxa5 22.Nd3 c6 23.Nxc5 dxc5
24.Nc3 Bh4 25.Nd1 Bf6 26.Bc3 g5 27.Qb2 Qc7 28.Nf2 Ne7 29.d6 Qxd6 30.Qxb7 Rb8
31.Rad1 Rxb7 32.Rxd6 a4 33.Ra1 Rb3 34.Rxf6 Rxf6 35.Bxe5 Kg7 36.Rxa4 Kf7 37.Bxf6 Kxf6
38.Nd3 Ng6 39.Kg2 Nh4+ 40.Kf2 Ng6  1-0

[Event "Cannes op"]
[Site "Cannes"]
[Date "1990.??.??"]
[Round "5"]
[White "Tasic, Branislav"]
[Black "Brulhart, K."]
[Result "1-0"]
[WhiteElo "2120"]
[BlackElo "2025"]

1.d4 Nf6 2.Nf3 g6 3.c4 Bg7 4.Nc3 d6 5.e4 O-O 6.Be2 e5 7.O-O Nc6 8.d5 Ne7
9.Ne1 Ne8 10.Nd3 f5 11.f3 f4 12.c5 a6 13.a4 g5 14.cxd6 cxd6 15.a5 h5 16.Bd2 Ng6
17.Nf2 Rf7 18.Na4 Bf8 19.Nb6 Rb8 20.Rc1 Bd7 21.Nxd7 Qxd7 22.Qb3 Ra8 23.Rc3 Rg7
24.Rfc1 Nh4 25.h3 Rd8 26.Qc2 Qe7 27.b4 Rd7 28.b5 axb5 29.Bxb5 Rc7 30.Rxc7 Nxc7
31.Be2 Qd7 32.Qb3 Ne8 33.Be1 Nf6 34.Qc3 Qf7 35.Qc8 Ne8 36.Nd3 Ng6 37.Bf2 Qd7
38.Bb6 Nf6 39.Nf2 Qxc8 40.Rxc8 Nd7 41.Ba7 Re7 42.Bc4 Kf7 43.Nd3 Bh6 44.Nb4 g4
45.hxg4 hxg4 46.Nc6 bxc6 47.dxc6+ Kf6 48.cxd7 Rxd7 49.Bb6 Ne7 50.Rc7 Rd8
51.a6 d5 52.Rxe7 Rd6 53.Bc5 Rc6 54.a7 Rxc5 55.a8=Q Kxe7 56.Qa7+ Kd6 57.Qb6+ Rc6
58.Qb4+ Kc7 59.exd5  1-0

[Event "Cannes op"]
[Site "Cannes"]
[Date "1990.??.??"]
[Round "5"]
[White "Etchegaray, Patrice"]
[Black "Casa, Alex"]
[Result "0-1"]
[WhiteElo "2280"]
[BlackElo "2120"]

1.d4 Nf6 2.Nf3 g6 3.c4 Bg7 4.Nc3 d6 5.e4 O-O 6.Be2 e5 7.O-O Nc6 8.d5 Ne7
9.Ne1 Nd7 10.f3 f5 11.Bd2 f4 12.g4 g5 13.Nd3 Ng6 14.Be1 Nf6 15.Rc1 h5 16.h3 Kf7
17.Kg2 Rh8 18.Bf2 Bd7 19.Rh1 Qe7 20.Qb3 b6 21.Qa3 a5 22.b4 axb4 23.Qxb4 Ra5
24.a4 Rha8 25.Ra1 Qe8 26.Nb5 Qb8 27.Be1 Qc8 28.Nf2 Nh4+ 29.Kf1 hxg4 30.hxg4 Bxb5
31.cxb5 Nd7 32.Nh3 Bf6 33.Bxh4 gxh4 34.Rh2 Nc5 35.Bd1 Qd7 36.Rha2 Kg6 37.Kg2 Bg5
38.Ng1 h3+ 39.Nxh3 Bh4 40.Bc2 Bg3 41.Qc4 Rh8 42.Rh1 Rh6 43.Raa1 Qh7 44.Bd3 Nxd3
45.Qxd3 Ra8  0-1

[Event "Cannes op"]
[Site "Cannes"]
[Date "1990.??.??"]
[Round "5"]
[White "Kaabi, Mejdi"]
[Black "Garabedian, Vahakn"]
[Result "1-0"]
[WhiteElo "2330"]
[BlackElo "2140"]

1.d4 Nf6 2.Nf3 g6 3.c4 Bg7 4.Nc3 O-O 5.e4 d6 6.Be2 e5 7.O-O Nc6 8.d5 Ne7
9.Nd2 Nd7 10.b4 f5 11.a4 a5 12.Ba3 axb4 13.Bxb4 b6 14.Nb3 fxe4 15.Nxe4 Nf5
16.a5 Nd4 17.Nxd4 exd4 18.Ra3 Qe7 19.Nd2 bxa5 20.Bxa5 Nc5 21.Bg4 Bf5 22.Bxf5 Rxf5
23.Nf3 Rf4 24.Bb4 Rxa3 25.Bxa3 Re4 26.Bxc5 dxc5 27.Qd3 Bf6 28.g3 Re2 29.Rb1 Kf7
30.Kf1 Ra2 31.Re1 Qd7 32.Re6 c6 33.Qb3 Ra1+ 34.Kg2 cxd5 35.cxd5 Kg7 36.Qb8 Be7
37.Qe5+ Kf7 38.Qe4 Bf6 39.Rc6 Ra5 40.Qf4 Qd8 41.Ng5+ Kg8 42.Qxf6 Qxd5+ 43.Nf3 Qf5
44.Qd8+  1-0

[Event "Cannes op"]
[Site "Cannes"]
[Date "1990.??.??"]
[Round "6"]
[White "Bernard, Christophe"]
[Black "Kolev, Atanas"]
[Result "1/2-1/2"]
[WhiteElo "2340"]
[BlackElo "2425"]

1.d4 Nf6 2.Nf3 g6 3.c4 Bg7 4.Nc3 O-O 5.e4 d6 6.Be2 e5 7.O-O Nc6 8.d5 Ne7
9.Nd2 Ne8 10.b4 f5 11.c5 Kh8 12.f3 f4 13.Nc4 g5 14.a4 h5 15.Ba3 Rf6 16.b5 dxc5
17.Bxc5 Rg6 18.h3 Ng8 19.Ra3 Nh6 20.Nb1 g4 21.fxg4 hxg4 22.hxg4 Bxg4 23.Bxg4 Nxg4
24.Rh3+ Kg8 25.d6 Nxd6 26.Bxd6 cxd6 27.Qd5+ Kf8 28.Qxb7 Rc8 29.Nbd2 Rc7 30.Qd5 Rc5
31.Qd3 Bh6 32.Nb3 Rxc4 33.Qxc4 Qb6+ 34.Kh1 Nf2+ 35.Rxf2 Qxf2 36.Qc8+ Ke7
37.Qc7+ Ke8 38.Qc8+ Ke7 39.Qc7+ Ke8 40.Qc8+ Kf7 41.Qd7+ Kg8 42.Qe8+ Kg7 43.Qe7+ Kg8
44.Qe8+  1/2-1/2

[Event "Cannes op"]
[Site "Cannes"]
[Date "1990.??.??"]
[Round "6"]
[White "Kiss, Pal"]
[Black "Berend, Fred"]
[Result "1-0"]
[WhiteElo "2300"]
[BlackElo "2240"]

1.d4 Nf6 2.c4 g6 3.Nc3 Bg7 4.e4 d6 5.Nf3 O-O 6.Be2 e5 7.O-O Nc6 8.d5 Ne7
9.Ne1 Nd7 10.f3 f5 11.g4 Nf6 12.Nd3 c6 13.Be3 h6 14.h4 a6 15.a4 Bd7 16.a5 c5
17.Rf2 f4 18.Bd2 b5 19.axb6 Qxb6 20.Ra3 Ne8 21.Qa1 Nc8 22.Bd1 Bf6 23.Rh2 Qd8
24.Be1 Nc7 25.Ba4 Nb6 26.Bxd7 Qxd7 27.Qa2 Rfb8 28.b4 cxb4 29.Nxb4 Rb7 30.Nc6 Nc8
31.Rb3 Ne8 32.Na4 Rxb3 33.Qxb3 h5 34.g5 Bd8 35.Rb2 Ne7 36.Nxd8 Qxd8 37.c5 Nc8
38.c6 Na7 39.Qb6 Nc7 40.Ba5 Nab5 41.Qb7 Ra7 42.Qb6 Qc8 43.Qf2 Qh3 44.Bb6 Ra8
45.Qg2 Qc8 46.Ba5 Rb8 47.Nb6 Rxb6 48.Bxb6 Kf7 49.Kh2 Ke8 50.Bxc7 Qxc7 51.Qh3 Kd8
52.Qe6 Nd4 53.Rb8+  1-0

[Event "Cannes op"]
[Site "Cannes"]
[Date "1990.??.??"]
[Round "7"]
[White "Tasic, Branislav"]
[Black "Moulain, Jean Pierre"]
[Result "1/2-1/2"]
[WhiteElo "2120"]
[BlackElo "2280"]

1.d4 Nf6 2.Nf3 d6 3.c4 g6 4.Nc3 Bg7 5.e4 O-O 6.Be2 e5 7.O-O Nc6 8.d5 Ne7
9.Ne1 Ne8 10.Nd3 f5 11.f3 f4 12.c5 g5 13.Bd2 Rf7 14.Rc1 Bf8 15.cxd6 cxd6
16.Nf2 Rg7 17.a4 h5 18.h3 Kh7 19.Nb5 Ng8 20.Rc3 Nh6 21.Qc2 a6 22.Na3 g4 23.fxg4 hxg4
24.hxg4 Bd7 25.Bxf4 exf4 26.e5+ Kg8 27.e6 Bxe6 28.dxe6 d5 29.Qd2 Bb4 30.Qxf4 Bxc3
31.bxc3 Qg5 32.Nh3 Qxf4 33.Rxf4 Rg6 34.Bf3 Nc7 35.g5 Nxe6 36.Bxd5 Nf7 37.Rf6 Rxf6
38.gxf6 Nc7 39.Bb3 Kf8 40.g4 Ne5 41.Nf4 b5 42.axb5 axb5 43.Nc2 Ra6 44.Nd4 Rxf6
45.Nfe6+ Nxe6 46.Bxe6 Nf3+ 47.Nxf3 Rxe6 48.Nd4 Rb6 49.Kf2 Ke7 50.Ke3 Kd6
51.Ke4 Kc5 52.Kf5 Kc4 53.g5 Kxc3 54.Nxb5+ Rxb5+ 55.Kf6 Kd4 56.g6 Rb6+ 57.Kf7 Ke5
58.g7 Rb7+ 59.Kg6  1/2-1/2

[Event "Cannes op"]
[Site "Cannes"]
[Date "1990.??.??"]
[Round "7"]
[White "Marchand, Francois"]
[Black "Didier, M2."]
[Result "1/2-1/2"]
[WhiteElo "2060"]
[BlackElo "2050"]

1.d4 Nf6 2.Nf3 g6 3.c4 Bg7 4.Nc3 d6 5.e4 O-O 6.Be2 e5 7.O-O Nc6 8.d5 Ne7
9.Ne1 Ne8 10.Be3 f5 11.f3 f4 12.Bf2 a6 13.c5 g5 14.cxd6 cxd6 15.Na4 Ng6 16.Nb6 Rb8  1/2-1/2

[Event "Cannes op"]
[Site "Cannes"]
[Date "1990.??.??"]
[Round "7"]
[White "Kaabi, Mejdi"]
[Black "Ouechtati, Mohamed"]
[Result "1/2-1/2"]
[WhiteElo "2330"]
[BlackElo "2250"]

1.d4 Nf6 2.c4 g6 3.Nc3 Bg7 4.e4 d6 5.Be2 O-O 6.Nf3 e5 7.O-O Nc6 8.d5 Ne7
9.b4 Nd7 10.Nd2 c5 11.bxc5 Nxc5 12.Nb3 Nxb3 13.axb3  1/2-1/2

[Event "Cannes op"]
[Site "Cannes"]
[Date "1990.??.??"]
[Round "8"]
[White "Bogdanovski, Vlatko"]
[Black "Kaabi, Mejdi"]
[Result "1/2-1/2"]
[WhiteElo "2410"]
[BlackElo "2330"]

1.d4 Nf6 2.c4 g6 3.Nc3 Bg7 4.e4 d6 5.Nf3 O-O 6.Be2 e5 7.O-O Nc6 8.d5 Ne7
9.Nd2 c6 10.Rb1 Ne8 11.b4 Kh8 12.Qc2 f5 13.f3 Nf6 14.a4 Bd7 15.Ba3 Rc8 16.Qd3 cxd5
17.cxd5 Qb6+ 18.Kh1 Qd4 19.Nc4 fxe4 20.Nxe4 Nexd5 21.Ncxd6 Rb8 22.b5 Be6
23.Bb2 Qxd3 24.Bxd3 Nf4 25.Bc4 Bxc4 26.Nxc4 Nxe4 27.fxe4 Nd3 28.Ba1 Kg8 29.Kg1 Rbc8
30.Rxf8+ Bxf8 31.Nxe5 Bc5+ 32.Kf1 Nxe5 33.Bxe5 Rf8+ 34.Ke2 Re8 35.Bf4 Rxe4+
36.Kf3 Rxa4 37.Rc1 Ra3+ 38.Ke4 Ra4+ 39.Kf3 Ra3+ 40.Ke4 Ra4+ 41.Kf3 Ra3+  1/2-1/2

[Event "Cannes op"]
[Site "Cannes"]
[Date "1990.??.??"]
[Round "9"]
[White "Poulenard, Raphael"]
[Black "Ouechtati, Mohamed"]
[Result "0-1"]
[WhiteElo "2350"]
[BlackElo "2250"]

1.c4 Nf6 2.Nf3 g6 3.d4 Bg7 4.Nc3 O-O 5.e4 d6 6.Be2 e5 7.O-O Nc6 8.d5 Ne7
9.Ne1 Nd7 10.Nd3 f5 11.f3 Nf6 12.Bd2 f4 13.Rc1 g5 14.c5 Rf7 15.cxd6 cxd6
16.Nf2 h5 17.h3 Kh8 18.Nb5 Neg8 19.Qc2 Ne8 20.Nxa7 Bd7 21.Nb5 Nh6 22.Qb3 Bf8
23.Rc2 Rg7 24.Rfc1 g4 25.fxg4 hxg4 26.Bxg4 Nxg4 27.hxg4 Nf6 28.Nc7 Ba4 29.Qh3+ Rh7
30.Qa3 Nxe4 31.Nxa8 Bxc2 32.Rxc2 Nxf2 33.Kxf2 Qh4+ 34.Ke2 Qh1 35.Qf3 e4 36.Qxf4 Qxg2+
37.Kd1 Qg1+ 38.Be1 Qd4+ 39.Rd2 Qa4+ 40.Rc2 Qxa8 41.Qf5 Kg8 42.Rc8 Qa4+ 43.Kc1 Rf7
44.Rxf8+ Kxf8 45.Qc8+ Qe8 46.Qxe8+ Kxe8 47.Kd2 Rf3  0-1